Capitales de Asia por países - Estadísticas

Estadísticas generales
  • Esta prueba ha sido intentada 8.074 veces
  • La puntuación promedio es 36 de 48
Estadísticas de respuestas
Capital País % Correcto
Pekín China
92%
Tokio Japón
91%
Nueva Delhi India
90%
Singapur Singapur
90%
Seúl Corea del Sur
89%
Jerusalén Israel
89%
Kuwait Kuwait
89%
Abu Dabi Emiratos Árabes Unidos
87%
Bangkok Tailandia
87%
Pionyang Corea del Norte
86%
Ankara Turquía
85%
Doha Catar
84%
Manila Filipinas
84%
Teherán Irán
84%
Yakarta Indonesia
83%
Bagdad Irak
82%
Kuala Lumpur Malasia
82%
Damasco Siria
82%
Nicosia Chipre
81%
Riad Arabia Saudita
80%
Sri Jayawardenapura Kotte Sri Lanka
80%
Taipéi Taiwán
80%
Hanói Vietnam
80%
Beirut Líbano
79%
Ulán Bator Mongolia
79%
Kabul Afganistán
77%
Tiflis Georgia
77%
Bakú Azerbaiyán
75%
Katmandú Nepal
75%
Islamabad Pakistán
75%
Astaná Kazajistán
71%
Ereván Armenia
70%
Nom Pen Camboya
69%
Daca Bangladés
67%
Vientián Laos
66%
Amán Jordania
65%
Saná Yemen
64%
Bandar Seri Begawan Brunéi
62%
Biskek Kirguistán
62%
Mascate Omán
62%
Taskent Uzbekistán
61%
Timbu Bután
60%
Malé Maldivas
60%
Naipyidó Myanmar
60%
Asjabad Turkmenistán
60%
Dusambé Tayikistán
58%
Dili Timor Oriental
56%
Manama Baréin
55%
No se encontraron pruebas coincidentes
Distribución de puntuación
Porcentaje de gente con cada puntuación
Porcentaje por número respondido
Historial de tus puntuaciones
No has intentado esta prueba.